[Event "Mittelfrank Regionalliga Nord-West 2122"]
[Site "Mittelfranken"]
[Date "2022.03.13"]
[Round "6.8"]
[White "Stumpf, Alexander"]
[Black "Bardorz, Christoph"]
[Result "0-1"]
[WhiteElo "1717"]
[BlackElo "1774"]
[PlyCount "30"]
[EventDate "2021.10.24"]
[EventType "team-tourn"]
[EventRounds "9"]
[EventCountry "GER"]
[SourceTitle "EXT 2024"]
[Source "ChessBase"]
[SourceDate "2023.10.10"]
[SourceVersion "1"]
[SourceVersionDate "2023.10.10"]
[SourceQuality "1"]
[WhiteTeam "Bad Neustadt"]
[BlackTeam "Rottendorf"]
[WhiteTeamCountry "GER"]
[BlackTeamCountry "GER"]

1. e4 e5 2. Nf3 Nc6 3. d4 exd4 4. Nxd4 Bc5 5. Be3 Qf6 6. c3 Nge7 7. Bc4 Ne5 8. Bb3 Qg6 9. 0-0 0-0 10. Nf5 Nxf5 11. Bxc5 Nh4 12. g3 Nhf3+ 13. Kg2 d6 14. Nd2 Bh3+ 15. Kh1 Nxd2 0-1

[Event "Regionalliga Nord-West 1718"]
[Site "Bayern"]
[Date "2018.02.04"]
[Round "6.7"]
[White "Kuespert, Helmut"]
[Black "Stumpf, Alexander"]
[Result "1-0"]
[WhiteElo "1935"]
[BlackElo "1727"]
[PlyCount "73"]
[EventDate "2017.10.22"]
[EventType "team-tourn"]
[EventRounds "9"]
[EventCountry "GER"]
[SourceTitle "EXT 2022"]
[Source "ChessBase"]
[SourceDate "2021.10.06"]
[SourceVersion "1"]
[SourceVersionDate "2021.10.06"]
[SourceQuality "1"]
[WhiteTeam "Marktleuthen"]
[BlackTeam "Bad Neustadt"]
[WhiteTeamCountry "GER"]
[BlackTeamCountry "GER"]

1. e4 c5 2. b4 b6 3. bxc5 bxc5 4. Bc4 e6 5. Qe2 Nc6 6. c3 Nf6 7. e5 Nd5 8. Nf3 Nf4 9. Qf1 Bb7 10. d4 Nxg2+ 11. Qxg2 cxd4 12. Qg3 Na5 13. Be2 Qc7 14. Bd2 d3 15. Bxd3 Bxf3 16. Qxf3 Qxe5+ 17. Qe4 Qxe4+ 18. Bxe4 d5 19. Bd3 Rc8 20. Rg1 g6 21. Bb5+ Ke7 22. Rg4 Kd6 23. Ra4 Nc6 24. Bxc6 Kxc6 25. Rxa7 Rc7 26. Rxc7+ Kxc7 27. Bf4+ Bd6 28. Bxd6+ Kxd6 29. a4 Rb8 30. a5 Rb7 31. a6 Ra7 32. Ke2 h5 33. Kd3 g5 34. c4 f5 35. Nc3 Kc5 36. cxd5 exd5 37. Ra5+ 1-0

[Event "Regionalliga Nord-West 1718"]
[Site "Bayern"]
[Date "2018.01.21"]
[Round "5.6"]
[White "Horther, Heinrich"]
[Black "Stumpf, Alexander"]
[Result "1-0"]
[WhiteElo "1934"]
[BlackElo "1727"]
[PlyCount "91"]
[EventDate "2017.10.22"]
[EventType "team-tourn"]
[EventRounds "9"]
[EventCountry "GER"]
[SourceTitle "EXT 2022"]
[Source "ChessBase"]
[SourceDate "2021.10.06"]
[SourceVersion "1"]
[SourceVersionDate "2021.10.06"]
[SourceQuality "1"]
[WhiteTeam "Kronach"]
[BlackTeam "Bad Neustadt"]
[WhiteTeamCountry "GER"]
[BlackTeamCountry "GER"]

1. e4 c5 2. c3 e5 3. Nf3 Nc6 4. d4 d6 5. dxe5 Nxe5 6. Nxe5 dxe5 7. Qxd8+ Kxd8 8. Bc4 f6 9. Na3 a6 10. Nc2 Ne7 11. a4 Rb8 12. a5 Bd7 13. 0-0 Bc6 14. f3 Kc7 15. Be3 Nc8 16. Bf2 Bd6 17. Ne3 Ne7 18. Rfd1 Rbc8 19. Rd2 Bb5 20. Rad1 Rcd8 21. Be6 Rhe8 22. b3 Ng6 23. Bf5 Bc6 24. Nd5+ Bxd5 25. exd5 Kb8 26. Rb2 Ne7 27. Be6 Nc8 28. b4 cxb4 29. cxb4 Re7 30. b5 Ba3 31. Rb3 Rxe6 32. Rxa3 axb5 33. Rb3 Na7 34. Bxa7+ Kxa7 35. Rxb5 Red6 36. Kf2 Ka6 37. Rdb1 Rxd5 38. Rb6+ Ka7 39. Rxb7+ Ka6 40. Rxg7 R8d7 41. Rxd7 Rxd7 42. Rb6+ Kxa5 43. Rxf6 Re7 44. Rc6 Kb5 45. Rc8 Rg7 46. g4 1-0

[Event "Regionalliga NW 1314"]
[Site "Bayern"]
[Date "2014.02.23"]
[Round "7.8"]
[White "Stumpf, Alexander"]
[Black "Renziehausen, Klaus"]
[Result "0-1"]
[WhiteElo "1770"]
[BlackElo "1708"]
[PlyCount "48"]
[EventDate "2013.10.13"]
[EventType "team-tourn"]
[EventRounds "9"]
[EventCountry "GER"]
[SourceTitle "EXT 2015"]
[Source "ChessBase"]
[SourceDate "2014.11.20"]
[SourceVersion "1"]
[SourceVersionDate "2014.11.20"]
[SourceQuality "1"]
[WhiteTeam "Bad Neustadt"]
[BlackTeam "Wuerzburg II"]
[WhiteTeamCountry "GER"]
[BlackTeamCountry "GER"]

1. e4 c5 2. Nf3 Nc6 3. d4 cxd4 4. Nxd4 d6 5. Nc3 Nf6 6. Bc4 e6 7. 0-0 Be7 8. Be3 0-0 9. f4 d5 10. exd5 Nxd5 11. Nxd5 exd5 12. Bd3 Bf6 13. c3 Nxd4 14. cxd4 Qb6 15. b3 Bd7 16. Bc2 Rac8 17. Rf3 Bg4 18. Qd3 Rxc2 19. Rg3 Rfc8 20. Rxg4 R8c3 21. Qd1 Qe6 22. Bf2 Rxf2 23. Kxf2 Qe3+ 24. Kf1 Bxd4 0-1

[Event "Regionalliga NW 1213"]
[Site "Bayern"]
[Date "2013.02.24"]
[Round "7.8"]
[White "Schneider, Jana"]
[Black "Stumpf, Alexander"]
[Result "1-0"]
[WhiteElo "1824"]
[BlackElo "1831"]
[PlyCount "72"]
[EventDate "2012.10.14"]
[EventType "team-tourn"]
[EventRounds "9"]
[EventCountry "GER"]
[SourceTitle "EXT 2015"]
[Source "ChessBase"]
[SourceDate "2014.11.20"]
[SourceVersion "1"]
[SourceVersionDate "2014.11.20"]
[SourceQuality "1"]
[WhiteTeam "Stetten"]
[BlackTeam "Bad Neustadt"]
[WhiteTeamCountry "GER"]
[BlackTeamCountry "GER"]

1. e4 c6 2. d4 d5 3. Nc3 dxe4 4. Nxe4 Bf5 5. Ng3 Bg6 6. Bc4 Nf6 7. N1e2 Nbd7 8. 0-0 e6 9. Nf4 Bd6 10. c3 Qc7 11. Qf3 0-0-0 12. Bb3 Rdf8 13. c4 e5 14. Nfe2 h5 15. h3 exd4 16. Nxd4 Ne5 17. Qd1 Rd8 18. Ndf5 Bb4 19. Qe2 h4 20. Bf4 hxg3 21. Bxe5 Qd7 22. Nd4 Rhe8 23. Rad1 Bd6 24. Nf3 Qf5 25. Rfe1 Bc5 26. Rxd8+ Rxd8 27. Bxg3 Nh5 28. Bh2 Qf6 29. Qe5 Bd6 30. Qxf6 Bxh2+ 31. Kxh2 Nxf6 32. Re7 Ne4 33. Bc2 Nxf2 34. Bxg6 fxg6 35. Rxg7 Rd6 36. Ne5 Ne4 1-0

[Event "Regionalliga NW 1112"]
[Site "Bayern"]
[Date "2011.12.11"]
[Round "4.8"]
[White "Stumpf, Alexander"]
[Black "Vogt, Thomas"]
[Result "1/2-1/2"]
[WhiteElo "1808"]
[BlackElo "1875"]
[PlyCount "81"]
[EventDate "2011.10.02"]
[EventType "team-tourn"]
[EventRounds "9"]
[EventCountry "GER"]
[SourceTitle "EXT 2013"]
[Source "ChessBase"]
[SourceDate "2012.11.22"]
[SourceVersion "1"]
[SourceVersionDate "2012.11.22"]
[SourceQuality "1"]
[WhiteTeam "Bad Neustadt"]
[BlackTeam "Wuerzburg II"]
[WhiteTeamCountry "GER"]
[BlackTeamCountry "GER"]

1. e4 e5 2. Nf3 Nc6 3. Bb5 a6 4. Ba4 d6 5. 0-0 Bd7 6. Nc3 Nf6 7. Re1 Be7 8. d4 b5 9. Bb3 Nxd4 10. Nxd4 exd4 11. Nd5 0-0 12. Bf4 Nxd5 13. exd5 Bf6 14. Qd2 a5 15. c4 dxc3 16. bxc3 Bf5 17. Rac1 Qd7 18. Re3 Rfe8 19. Rce1 Rxe3 20. Rxe3 Re8 21. h3 Rxe3 22. Qxe3 h6 23. c4 bxc4 24. Bxc4 g5 25. Bg3 Qe7 26. Qa7 Bc3 27. f3 Kh7 28. Bf2 h5 29. g4 hxg4 30. hxg4 Bg6 31. Kg2 Be1 32. Bxe1 Qxe1 33. Qxc7 Qd2+ 34. Kg1 Qe3+ 35. Kg2 Qd2+ 36. Kg1 Qd4+ 37. Kg2 Qd2+ 38. Kg1 Qd4+ 39. Kg2 Qd2+ 40. Kg1 Qe3+ 41. Kg2 1/2-1/2

[Event "Regionalliga NW 0910"]
[Site "Bayern"]
[Date "2009.12.13"]
[Round "4.7"]
[White "Thomele, Michael"]
[Black "Stumpf, Alexander"]
[Result "1-0"]
[WhiteElo "1830"]
[BlackElo "1809"]
[PlyCount "81"]
[EventDate "2009.10.18"]
[EventType "team-tourn"]
[EventRounds "9"]
[EventCountry "GER"]
[SourceTitle "EXT 2011"]
[Source "ChessBase"]
[SourceDate "2010.11.26"]
[SourceVersion "1"]
[SourceVersionDate "2010.11.26"]
[SourceQuality "1"]
[WhiteTeam "Obernau"]
[BlackTeam "Bad Neustadt"]
[WhiteTeamCountry "GER"]
[BlackTeamCountry "GER"]

1. d4 Nf6 2. Nc3 d5 3. Bg5 Ne4 4. Nxe4 dxe4 5. f3 Bf5 6. e3 Qd5 7. Bf4 Qa5+ 8. c3 Nc6 9. Bc4 e6 10. fxe4 Bxe4 11. Nf3 Bd6 12. 0-0 0-0 13. Ng5 Bxf4 14. Nxe4 Bxe3+ 15. Kh1 Ne7 16. Qd3 Bh6 17. Nc5 Nf5 18. b4 Qb6 19. Nd7 Qd6 20. Nxf8 Ne3 21. Rf3 Ng4 22. Qxh7+ Kxf8 23. g3 Qc6 24. Be2 Ke7 25. h3 Ne3 26. Qd3 Rh8 27. b5 Qd5 28. Kg1 Nf5 29. Bf1 g5 30. Re1 Nd6 31. Rf2 Bg7 32. Rd2 Nf5 33. Bg2 Qd6 34. Qxf5 Qxg3 35. Qf2 Qxc3 36. Red1 Rh4 37. Rd3 Qb4 38. d5 Rf4 39. Qg3 Bd4+ 40. Kh1 Bf6 41. dxe6 1-0